| 000 | 00473nam a22001457a 4500 | ||
|---|---|---|---|
| 003 | 0 | ||
| 005 | 20230201142259.0 | ||
| 008 | 230201b xxu||||| |||| 00| 0 eng d | ||
| 050 |
_aHE151 _b.M36 2019 |
||
| 245 |
_aTravel management system for MJL travel and tours _cManese, Patrick Vincent P. |
||
| 260 |
_aLas Pinas City _bSouthville International School and Colleges _cC2019 |
||
| 300 |
_aviii,111pp. _c28cm. _fTheses |
||
| 500 | _aTravel management system. | ||
| 942 |
_2lcc _cTH |
||
| 999 |
_c364924 _d364924 |
||